MARC details
| 000 -LEADER |
| fixed length control field |
01572nam a2200301 a 4500 |
| 008 - FIXED-LENGTH DATA ELEMENTS--GENERAL INFORMATION |
| fixed length control field |
120416s1989 ||||||||||||||||| || u |
| 020 ## - INTERNATIONAL STANDARD BOOK NUMBER |
| International Standard Book Number |
0521389232 |
| 020 ## - INTERNATIONAL STANDARD BOOK NUMBER |
| International Standard Book Number |
0521389232 |
| 050 ## - LIBRARY OF CONGRESS CALL NUMBER |
| Classification number |
QA 9.59 Boo |
| 100 ## - MAIN ENTRY--PERSONAL NAME |
| Personal name |
Boolos, George |
| 245 10 - TITLE STATEMENT |
| Title |
Computability and logic |
| 250 ## - EDITION STATEMENT |
| Edition statement |
3rd ed. |
| 260 ## - PUBLICATION, DISTRIBUTION, ETC. |
| Place of publication, distribution, etc. |
Cambridge: |
| Name of publisher, distributor, etc. |
Cambridge University Press |
| Date of publication, distribution, etc. |
1989 |
| 300 ## - PHYSICAL DESCRIPTION |
| Extent |
x, 304p.: ill. |
| 350 ## - |
| -- |
0.00 |
| 500 ## - GENERAL NOTE |
| General note |
Includes bibliographical references and index. |
| 650 #0 - SUBJECT ADDED ENTRY--TOPICAL TERM |
| Topical term or geographic name entry element |
COMPUTABLE FUNCTIONS |
| 650 ## - SUBJECT ADDED ENTRY--TOPICAL TERM |
| Topical term or geographic name entry element |
RECURSIVE FUNCTION |
| 650 ## - SUBJECT ADDED ENTRY--TOPICAL TERM |
| Topical term or geographic name entry element |
LOGIC, SYMBOLICAL AND MATHEMATICAL |
| 700 ## - ADDED ENTRY--PERSONAL NAME |
| Personal name |
Jeffrey, Richard C |
| 856 ## - ELECTRONIC LOCATION AND ACCESS |
| Uniform Resource Identifier |
http://www.loc.gov/catdir/description/cam023/89032584.html |
| 856 ## - ELECTRONIC LOCATION AND ACCESS |
| Uniform Resource Identifier |
http://www.loc.gov/catdir/toc/cam025/89032584.html |
| 995 ## - |
| -- |
MAIN LIBRARY OPEN ACCESS |
| -- |
0.00 |
| -- |
731291 |
| -- |
CBU-MAIN LIBRARY (Kitwe) |
| -- |
5 |
| -- |
15.95 |
| -- |
QA 9.59 Boo |
| -- |
5 |
| -- |
AVAILABLE |
| -- |
028921 |
| -- |
Main Library Open Access Collection |
| 995 ## - |
| -- |
ANNEX COLLECTION (Main Library) |
| -- |
0.00 |
| -- |
727853 |
| -- |
CBU-MAIN LIBRARY (Kitwe) |
| -- |
3 |
| -- |
15.95 |
| -- |
QA 9.59 Boo |
| -- |
1 |
| -- |
AVAILABLE |
| -- |
019303 |
| -- |
Annex Low-Usage Collection |
| 995 ## - |
| -- |
MAIN LIBRARY OPEN ACCESS |
| -- |
0.00 |
| -- |
727852 |
| -- |
CBU-MAIN LIBRARY (Kitwe) |
| -- |
2 |
| -- |
15.95 |
| -- |
QA 9.59 Boo |
| -- |
2 |
| -- |
AVAILABLE |
| -- |
025828 |
| -- |
Main Library Open Access Collection |
| 995 ## - |
| -- |
MAIN LIBRARY OPEN ACCESS |
| -- |
0.00 |
| -- |
735390 |
| -- |
CBU-MAIN LIBRARY (Kitwe) |
| -- |
1 |
| -- |
15.95 |
| -- |
QA 9.59 Boo |
| -- |
3 |
| -- |
AVAILABLE |
| -- |
40372 |
| -- |
Main Library Open Access Collection |
| 995 ## - |
| -- |
ANNEX COLLECTION (Main Library) |
| -- |
0.00 |
| -- |
734481 |
| -- |
CBU-MAIN LIBRARY (Kitwe) |
| -- |
4 |
| -- |
15.95 |
| -- |
QA 9.59 Boo |
| -- |
4 |
| -- |
AVAILABLE |
| -- |
47902 |
| -- |
Annex Low-Usage Collection |
| 999 ## - |
| -- |
79632 |
| -- |
79632 |